LEADER 00919cam0-22003371i-450- 001 990000720770403321 005 20050721103814.0 035 $a000072077 035 $aFED01000072077 035 $a(Aleph)000072077FED01 035 $a000072077 100 $a20020821d1966----km-y0itay50------ba 101 0 $aita 102 $aIT 105 $ay-------001yy 200 1 $aScienza del latte$emetodi e tecniche per il risanamento$fGiovanni Dalla Torre 210 $aBologna$cEdagricole$d1966 215 $aXV, 604 p.$d25 cm 610 0 $aLatte 676 $a637.1 700 1$aDalla Torre,$bGiovanni$073930 801 0$aIT$bUNINA$gRICA$2UNIMARC 901 $aBK 912 $a990000720770403321 952 $a60 637.1 B 15$b46115$fFAGBC 952 $a60 637.1 B 9$b42385$fFAGBC 952 $aTECN B 450$b9650$fFARBC 959 $aFARBC 959 $aFAGBC 996 $aScienza del latte$9323582 997 $aUNINA LEADER 01489nam0 22003373i 450 001 RMS0023027 005 20251003044343.0 010 $a0132198258 010 $a0133648451 100 $a20130404d1994 ||||0itac50 ba 101 | $aeng 102 $aus 181 1$6z01$ai $bxxxe 182 1$6z01$an 200 1 $aComputer-based exercises for signal processing using MATLAB$fC. Sidney Burrus ... [et al.] 210 $aEnglewood Cliffs (N.J.)$cPrentice-Hall$dc1994 215 $aXII, 404 p.$d28 cm. 225 | $aˆThe ‰Matlab curriculum series 410 0$1001AQ10003653$12001 $aˆThe ‰Matlab curriculum series 606 $aElaborazione dei segnali$xImpiego di MATLAB $2FIR$3UFIC058555$9I 676 $a621.382078$9INGEGNERIA DELLE COMUNICAZIONI. Uso di apparecchi e attrezzature nello studio e nell'insegnamento$v14 676 $a621.3822078555$9Elaborazione del segnale. Istruzione assistita dall'elaboratore. Specifici programmi con applicazioni interdisciplinari$v22 700 1$aBurrus$b, C. Sidney$3PUVV028236$4070$022946 801 3$aIT$bIT-000000$c20130404 850 $aIT-BN0095 901 $bNAP 01$cSALA DING $n$ 912 $aRMS0023027 950 0$aBiblioteca Centralizzata di Ateneo$c1 v.$d 01SALA DING 621.382078 COMBEF$e 0102 0000025835 VMA A4 1 v.$fY $h19960410$i20130404 977 $a 01 996 $aComputer-based exercises for signal processing using MATLAB$9911162 997 $aUNISANNIO